| 000 | 01426nam a2200241Ia 4500 | ||
|---|---|---|---|
| 003 | Ost | ||
| 005 | 20260507075803.0 | ||
| 008 | 260507s9999||||xx |||||||||||||| ||und|| | ||
| 020 | _a9789969582840 | ||
| 040 | _cfsecg | ||
| 041 | _aara | ||
| 082 | _a338.4791 | ||
| 100 |
_aشاقور، رانيا _eمؤلف |
||
| 245 | 0 |
_aالحملات الترويجية الالكترونية للسياحة الحموية : استراتيجيات، تحديات و تجارب تطبيقية / _c رانيا شاقور |
|
| 260 |
_aالجزائر: _bدار الأحلام, _c2025 |
||
| 300 |
_a206 صفحة؛ _bإيضاحات ؛ _c24 سم |
||
| 504 | _aببليوغرافيا ص.ص.191-207 | ||
| 520 | _aيتناول الكتاب الاطار المفاهيمي للحملات الترويجية الالكترونية ، أليات استخدام الحملات الترويجية الالكترونية ، مقاربة نظرية للحملات الترويجية الالكترونية في قطاه السياحة الحموية ، واقع السياحة الحموية بالجزائر و أساليبة تنشيطها ، نماذج لتطبيقات ترويج المحتوى السياحي عبر منصات التواصل الاجتماعي . | ||
| 653 | _aالتسويق الالكتروني | ||
| 653 | _aالسياحة الحموية | ||
| 700 |
_aأنساعد، رضوان _eمؤلف ثانوي |
||
| 942 | _cكتاب | ||
| 999 |
_c46320 _d46320 |
||